书目信息 |
| 题名: |
小波变换与工程应用
|
|
| 作者: | 彭玉华 著 | |
| 分册: | ||
| 出版信息: | 北京 科学出版社 2000.06 |
|
| 页数: | 137页 | |
| 开本: | 16开 | |
| 丛书名: | ||
| 单 册: | ||
| 中图分类: | TB112 | |
| 科图分类: | ||
| 主题词: | 工程数学 | |
| 电子资源: | ||
| ISBN: | 7-03-007471-8 | |
| 000 | 00553nam0 2200193 45 | |
| 001 | 1009050224 | |
| 005 | 20001211170309.7 | |
| 010 | @a7-03-007471-8@d15.00元 | |
| 100 | @a20100905d2000 km y0chiy0120 ea | |
| 101 | 0 | @achi |
| 105 | @a z 000yy | |
| 200 | 1 | @a小波变换与工程应用@AXiao Bo Bian Huan Yu Gong Cheng Ying Yong@f彭玉华著@FPeng Yu Hua Zhu |
| 210 | @a北京@c科学出版社@d2000.06 | |
| 215 | @a137页@d16开 | |
| 606 | 0 | @a工程数学 |
| 690 | @aTB112@v3 | |
| 701 | 0 | @a彭玉华@4著 |
| 801 | @aCN@bPftUser@c20100905 | |
| 905 | @dTB112@eP335@b306121-122@f2 | |
| 小波变换与工程应用/彭玉华著.-北京:科学出版社,2000.06 |
| 137页;16开 |
| ISBN 7-03-007471-8:15.00元 |
| ● |
| 相关链接 |
|
|
|
正题名:小波变换与工程应用
索取号:TB112/P335
 
预约/预借
| 序号 | 登录号 | 条形码 | 馆藏地/架位号 | 状态 | 备注 |
| 1 | 306121 | 203061211 | 自科二线504/504自科库 40排2列4层/ [索取号:TB112/P335] | 在馆 | |
| 2 | 306122 | 203061220 | 自科二线504/504自科库 40排2列4层/ [索取号:TB112/P335] | 在馆 |